| 000 | 01095nam a22003377a 4500 | ||
|---|---|---|---|
| 001 | BR6900603 | ||
| 003 | BR-BrBNA | ||
| 005 | 20230928083545.0 | ||
| 007 | ta | ||
| 008 | 230509b bl.||||| |||| 00| 0 por d | ||
| 040 |
_aBR-BrBNA _bpor _cBiblioteca Nacional de Agricultura |
||
| 041 | _a(Por) | ||
| 072 |
_aQ10; E15 _b1220 _b1160 _b/G514 |
||
| 090 | _ 1220 BR6900603 | ||
| 110 | 1 |
_aCentro de Treinamento em Desenvolvimento Economico, Fortaleza, CE (Brasil) _91678 |
|
| 245 | 1 |
_aAnalisis del proyecto industrializacion de castana de caju Cobica [mercado, financiamento, Brasil] _bProyecto 209; 2. Curso Interamericano sobre Elaboracao e Avaliacao de Projetos |
|
| 260 | 3 |
_aFortaleza, CE (Brasil): _c1969. |
|
| 300 | _a65 p. | ||
| 650 | _aCASTANHA DE CAJU | ||
| 650 | _aMERCADO | ||
| 650 | _aCONSUMO | ||
| 650 | _aEXPORTACAO | ||
| 650 | _aESTATISTICA DE PRODUCAO | ||
| 650 | _aFINANCIAMENTO | ||
| 650 | _aPROJETO INDUSTRIAL | ||
| 650 | _aINVESTIMENTO | ||
| 650 | _aCUSTO DE PRODUCAO | ||
| 650 | _aINDUSTRIA ALIMENTICIA | ||
| 909 |
_a202309 _bLucia _c55 _dLucia Elande |
||
| 942 | _cBK | ||
| 999 |
_c14151 _d14151 |
||